[Event "13. Hogeschool Zeeland Tournament"]
[Site "Vlissingen NED"]
[Date "2009.08.06"]
[Round "7.40"]
[White "Harini, S."]
[Black "Plachkinova, Tatjana G"]
[Result "1-0"]
[WhiteElo "1986"]
[BlackElo "2169"]
[PlyCount "61"]
[EventDate "2009.08.01"]
[EventType "swiss"]
[EventRounds "9"]
[EventCountry "NED"]
[Source "lmi"]
[SourceDate "2009.08.01"]

1. e4 c5 2. Nf3 Nc6 3. d4 cxd4 4. Nxd4 Nf6 5. Nc3 d6 6. Bc4 Qb6 7. Nb3 e6 8.
O-O Be7 9. Be3 Qc7 10. Bd3 O-O 11. f4 a6 12. a4 b6 13. g4 Re8 14. g5 Nd7 15.
Rf3 Nb4 16. Rh3 g6 17. Qg4 Nxd3 18. cxd3 Nc5 19. Qh4 h5 20. Nxc5 dxc5 21. Rf1
Bb7 22. f5 exf5 23. exf5 Rad8 24. fxg6 fxg6 25. Qc4+ Kh8 26. Qf7 Bd6 27. Qxg6
Bxh2+ 28. Kf2 Re7 29. Rxh5+ Rh7 30. Rxh7+ Qxh7 31. Qf6+ 1-0

[Event "13. Hogeschool Zeeland Tournament"]
[Site "Vlissingen NED"]
[Date "2009.08.06"]
[Round "7.41"]
[White "Smits, Sebastiaan"]
[Black "Boulahfa, Hicham"]
[Result "1-0"]
[WhiteElo "2165"]
[BlackElo "2022"]
[PlyCount "63"]
[EventDate "2009.08.01"]
[EventType "swiss"]
[EventRounds "9"]
[EventCountry "NED"]
[Source "lmi"]
[SourceDate "2009.08.01"]

1. e4 e5 2. Nf3 Nf6 3. Nc3 Bb4 4. Nxe5 Qe7 5. Nd3 Bxc3 6. dxc3 Qxe4+ 7. Be2 O-O
8. O-O Nc6 9. Bf3 Qf5 10. Re1 d6 11. Qd2 Bd7 12. Qg5 Qxg5 13. Bxg5 Ng4 14. h3
Nge5 15. Nxe5 dxe5 16. Rad1 Be8 17. Be3 b6 18. b4 Rd8 19. Bc1 Rxd1 20. Rxd1 Ne7
21. Ba3 Bb5 22. c4 e4 23. Be2 Ba4 24. b5 c5 25. bxc6 Nxc6 26. Bxf8 Kxf8 27. Rd2
Ke7 28. f3 f5 29. fxe4 fxe4 30. Kf2 Ne5 31. Ke3 Bc6 32. Rd4 1-0

[Event "13. Hogeschool Zeeland Tournament"]
[Site "Vlissingen NED"]
[Date "2009.08.06"]
[Round "7.42"]
[White "Heuveling, Gijs-Cor"]
[Black "Van Gool, Henk"]
[Result "1/2-1/2"]
[WhiteElo "1879"]
[BlackElo "2164"]
[PlyCount "71"]
[EventDate "2009.08.01"]
[EventType "swiss"]
[EventRounds "9"]
[EventCountry "NED"]
[Source "lmi"]
[SourceDate "2009.08.01"]

1. d4 d5 2. Nf3 c6 3. c4 e6 4. Nc3 Nf6 5. e3 Nbd7 6. Bd3 b6 7. O-O Bb7 8. a4
Qc7 9. cxd5 exd5 10. e4 dxe4 11. Nxe4 Be7 12. Bg5 O-O 13. Nxf6+ Bxf6 14. Bxf6
Nxf6 15. Qc2 Rad8 16. Rfd1 Rd5 17. Be2 Rfd8 18. Ra3 Qf4 19. Qd2 Qxd2 20. Rxd2
c5 21. Bc4 R5d7 22. Ne5 Re7 23. f4 Ne4 24. Rd1 g5 25. g3 Rxd4 26. Rxd4 cxd4 27.
Rd3 Nd6 28. Rxd4 Nxc4 29. Nxc4 gxf4 30. gxf4 Re4 31. Rd8+ Kg7 32. Nd6 Rxf4 33.
Nxb7 Rxa4 34. Rd3 Rb4 35. b3 a5 36. Nd8 1/2-1/2

[Event "13. Hogeschool Zeeland Tournament"]
[Site "Vlissingen NED"]
[Date "2009.08.06"]
[Round "7.43"]
[White "Riemens, Albert"]
[Black "Veldhuijsen, Klaas"]
[Result "1-0"]
[WhiteElo "2156"]
[BlackElo "2013"]
[PlyCount "79"]
[EventDate "2009.08.01"]
[EventType "swiss"]
[EventRounds "9"]
[EventCountry "NED"]
[Source "lmi"]
[SourceDate "2009.08.01"]

1. e4 c5 2. Ne2 g6 3. c4 Bg7 4. d4 d6 5. Nbc3 Nd7 6. Be3 cxd4 7. Nxd4 Ngf6 8.
Be2 a6 9. Qd2 O-O 10. O-O Nc5 11. f3 Bd7 12. b3 Re8 13. Rac1 b6 14. Rfd1 Qb8
15. b4 Na4 16. Nd5 e5 17. Nxf6+ Bxf6 18. Nb3 Be7 19. c5 bxc5 20. bxc5 Be6 21.
cxd6 Bd8 22. Bc4 Bb6 23. Bxe6 fxe6 24. Bxb6 Qxb6+ 25. Qf2 Red8 26. Qxb6 Nxb6
27. Nc5 Kf7 28. Rb1 Nc8 29. d7 Na7 30. Nb7 Nc6 31. Nxd8+ Rxd8 32. Rd6 Nd4 33.
Rb7 a5 34. Ra6 Ke7 35. Rxa5 Nc6 36. Rab5 Ra8 37. Rb2 Ra3 38. d8=Q+ Kxd8 39.
Rxh7 Ra6 40. Rg7 1-0

[Event "13. Hogeschool Zeeland Tournament"]
[Site "Vlissingen NED"]
[Date "2009.08.06"]
[Round "7.44"]
[White "Van Gemert, Rogier"]
[Black "Haak, Eelco"]
[Result "1-0"]
[WhiteElo "1844"]
[BlackElo "2154"]
[PlyCount "93"]
[EventDate "2009.08.01"]
[EventType "swiss"]
[EventRounds "9"]
[EventCountry "NED"]
[Source "lmi"]
[SourceDate "2009.08.01"]

1. Nf3 Nf6 2. d4 g6 3. Bg5 Bg7 4. Nbd2 O-O 5. e4 d6 6. c3 Nbd7 7. Qc2 h6 8. Bh4
c5 9. e5 dxe5 10. dxe5 Ng4 11. e6 Nde5 12. exf7+ Rxf7 13. h3 Bf5 14. Qb3 c4 15.
Bxc4 Nxc4 16. Nxc4 b5 17. Rd1 Qc8 18. Ncd2 Be6 19. Qb4 a5 20. Qxb5 Rb8 21. Qe2
Rxf3 22. gxf3 Ne5 23. b3 Qxc3 24. Bg3 Bf5 25. Bxe5 Bxe5 26. Qc4+ e6 27. Qxc3
Bxc3 28. Ke2 a4 29. Ne4 Ba5 30. Rb1 Rb4 31. a3 Rd4 32. b4 Bb6 33. Rbd1 Rc4 34.
Rhg1 g5 35. Rc1 Rd4 36. Rcd1 Rc4 37. Rc1 Rd4 38. Rgd1 Bxh3 39. Rxd4 Bxd4 40.
Rh1 g4 41. fxg4 Bg2 42. Kd3 Bb2 43. Rb1 Bxa3 44. b5 Bxe4+ 45. Kxe4 Bd6 46. b6
Kf7 47. b7 1-0

[Event "13. Hogeschool Zeeland Tournament"]
[Site "Vlissingen NED"]
[Date "2009.08.06"]
[Round "7.46"]
[White "Van de Groep, Sjaak"]
[Black "Hekhuis, Jeroen"]
[Result "1/2-1/2"]
[WhiteElo "1834"]
[BlackElo "2145"]
[PlyCount "56"]
[EventDate "2009.08.01"]
[EventType "swiss"]
[EventRounds "9"]
[EventCountry "NED"]
[Source "lmi"]
[SourceDate "2009.08.01"]

1. d4 Nf6 2. Nf3 d5 3. c4 e6 4. cxd5 exd5 5. Nc3 Bb4 6. Bg5 O-O 7. e3 h6 8.
Bxf6 Qxf6 9. Qb3 Bxc3+ 10. bxc3 Qb6 11. Bd3 Be6 12. O-O Nd7 13. Rab1 c5 14. Qa4
Qc7 15. e4 a6 16. Rfe1 b5 17. Qa3 c4 18. Bc2 Qf4 19. Qc1 Qc7 20. e5 f6 21. h3
fxe5 22. Nxe5 Rf6 23. Rb2 Raf8 24. Bb1 Nxe5 25. Rxe5 Qf7 26. Qe1 Bf5 27. Bxf5
Rxf5 28. Rbe2 Rxe5 1/2-1/2

[Event "13. Hogeschool Zeeland Tournament"]
[Site "Vlissingen NED"]
[Date "2009.08.06"]
[Round "7.47"]
[White "Stange, Sven"]
[Black "Koelmans, Jan Willem"]
[Result "1/2-1/2"]
[WhiteElo "2130"]
[BlackElo "2008"]
[PlyCount "67"]
[EventDate "2009.08.01"]
[EventType "swiss"]
[EventRounds "9"]
[EventCountry "NED"]
[Source "lmi"]
[SourceDate "2009.08.01"]

1. d4 d5 2. c4 c6 3. Nf3 Nf6 4. Nc3 e6 5. cxd5 exd5 6. Bf4 Bd6 7. Bxd6 Qxd6 8.
Qc2 O-O 9. e3 Bg4 10. Ne5 Bh5 11. h3 Nbd7 12. Nxd7 Qxd7 13. Bd3 Rfe8 14. O-O
Bg6 15. Bxg6 hxg6 16. b4 Ne4 17. Nxe4 Rxe4 18. a4 g5 19. b5 g4 20. bxc6 bxc6
21. hxg4 Rxg4 22. g3 Rg6 23. Kg2 Re8 24. Rh1 c5 25. Rh4 c4 26. Rah1 Kf8 27.
Rh8+ Ke7 28. Rxe8+ Kxe8 29. Qb1 Ke7 30. Qb8 Rb6 31. Qe5+ Qe6 32. Qc7+ Qd7 33.
Qe5+ Qe6 34. Qc7+ 1/2-1/2

[Event "13. Hogeschool Zeeland Tournament"]
[Site "Vlissingen NED"]
[Date "2009.08.06"]
[Round "7.48"]
[White "Oosterom, Erik"]
[Black "Dubbeldam, Nick"]
[Result "1/2-1/2"]
[WhiteElo "2128"]
[BlackElo "1971"]
[PlyCount "78"]
[EventDate "2009.08.01"]
[EventType "swiss"]
[EventRounds "9"]
[EventCountry "NED"]
[Source "lmi"]
[SourceDate "2009.08.01"]

1. d4 d5 2. c4 c6 3. Nf3 Nf6 4. Nc3 e6 5. e3 Nbd7 6. Bd3 dxc4 7. Bxc4 b5 8. Bd3
b4 9. Ne4 Nxe4 10. Bxe4 Bb7 11. O-O Be7 12. a3 O-O 13. axb4 Nf6 14. Bd3 Bxb4
15. e4 h6 16. e5 Nd7 17. Bb1 Re8 18. Qd3 Nf8 19. Qe4 a5 20. Be3 Rc8 21. Qg4 f5
22. exf6 Qxf6 23. Be4 Re7 24. Rfc1 c5 25. Bxb7 Rxb7 26. dxc5 Qxb2 27. Bd4 Qe2
28. h4 Rbc7 29. Be5 Rf7 30. c6 Qb5 31. Qc4 Qxc4 32. Rxc4 Ng6 33. Bg3 Ne7 34.
Ne5 Rf5 35. Rd1 Nd5 36. Nd3 Kf7 37. Ne5+ Ke8 38. Nd3 Kf7 39. Ne5+ Ke8 1/2-1/2

[Event "13. Hogeschool Zeeland Tournament"]
[Site "Vlissingen NED"]
[Date "2009.08.06"]
[Round "7.49"]
[White "Timmermans, Mark"]
[Black "Van Gemert, Jean-Pierre"]
[Result "1-0"]
[WhiteElo "2125"]
[BlackElo "1851"]
[PlyCount "65"]
[EventDate "2009.08.01"]
[EventType "swiss"]
[EventRounds "9"]
[EventCountry "NED"]
[Source "lmi"]
[SourceDate "2009.08.01"]

1. e4 c5 2. Nf3 d6 3. d4 cxd4 4. Nxd4 Nc6 5. Nc3 Nf6 6. Be2 g6 7. Be3 Bg7 8.
O-O O-O 9. h3 Bd7 10. Nb3 a6 11. a4 Be6 12. Nd4 Rc8 13. f4 Nxd4 14. Bxd4 Bc4
15. Bxc4 Rxc4 16. Qd3 Rc8 17. a5 Nd7 18. Bxg7 Kxg7 19. Qd4+ f6 20. Rf2 Rf7 21.
Nd5 Rc6 22. c4 Nc5 23. Rf3 Qc8 24. Rc3 Qe6 25. Re1 Kf8 26. b4 Nd7 27. Qa7 Rc8
28. Qxb7 Nb8 29. Nb6 Rd8 30. b5 axb5 31. cxb5 Qa2 32. Qc7 Ke8 33. Qxd8+ 1-0

[Event "13. Hogeschool Zeeland Tournament"]
[Site "Vlissingen NED"]
[Date "2009.08.06"]
[Round "7.50"]
[White "Grochal, Joey"]
[Black "De Ridder, Dieter"]
[Result "1-0"]
[WhiteElo "2125"]
[BlackElo "1914"]
[PlyCount "49"]
[EventDate "2009.08.01"]
[EventType "swiss"]
[EventRounds "9"]
[EventCountry "NED"]
[Source "lmi"]
[SourceDate "2009.08.01"]

1. e4 e6 2. d4 d5 3. Nc3 Nf6 4. e5 Nfd7 5. f4 c5 6. Nf3 Nc6 7. Be3 cxd4 8. Nxd4
Bc5 9. Qd2 O-O 10. O-O-O a6 11. h4 Nxd4 12. Bxd4 b5 13. a3 Qc7 14. Bxc5 Nxc5
15. Qd4 Bd7 16. h5 Rfc8 17. Kb1 Rab8 18. f5 Na4 19. Rh3 b4 20. axb4 Nxb2 21.
Kxb2 Rxb4+ 22. Qxb4 Rb8 23. Nb5 Bxb5 24. Rb3 Qxe5+ 25. Qd4 1-0

[Event "13. Hogeschool Zeeland Tournament"]
[Site "Vlissingen NED"]
[Date "2009.08.07"]
[Round "8.2"]
[White "Khairullin, Ildar"]
[Black "Karthikeyan, Pandian"]
[Result "1-0"]
[WhiteElo "2602"]
[BlackElo "2478"]
[PlyCount "37"]
[EventDate "2009.08.01"]
[EventType "swiss"]
[EventRounds "9"]
[EventCountry "NED"]
[Source "lmi"]
[SourceDate "2009.08.01"]

1. d4 Nf6 2. c4 e6 3. Nc3 Bb4 4. f3 c5 5. d5 O-O 6. e4 d6 7. Nge2 b5 8. Nf4
exd5 9. Nfxd5 Nxd5 10. Qxd5 Qb6 11. Bf4 Rd8 12. Bg5 Re8 13. Rd1 Bb7 14. Qxd6
Nc6 15. a3 Re6 16. Qd2 Bxc3 17. bxc3 Ne5 18. cxb5 f5 19. Bd8 1-0

[Event "13. Hogeschool Zeeland Tournament"]
[Site "Vlissingen NED"]
[Date "2009.08.07"]
[Round "8.3"]
[White "Adhiban, Baskaran"]
[Black "Vovk, Yuri"]
[Result "1/2-1/2"]
[WhiteElo "2481"]
[BlackElo "2567"]
[PlyCount "63"]
[EventDate "2009.08.01"]
[EventType "swiss"]
[EventRounds "9"]
[EventCountry "NED"]
[Source "lmi"]
[SourceDate "2009.08.01"]

1. e4 e5 2. Nf3 Nc6 3. Nc3 Nf6 4. Bb5 Bb4 5. O-O O-O 6. d3 Bxc3 7. bxc3 d6 8.
Bg5 Ne7 9. Nh4 Ne8 10. Bc4 Kh8 11. Qh5 f6 12. f4 Bd7 13. f5 fxg5 14. Ng6+ Nxg6
15. fxg6 Nf6 16. Rxf6 h6 17. Rxf8+ Qxf8 18. Rf1 Qc8 19. Rf7 Be6 20. Bxe6 Qxe6
21. c4 Kg8 22. Rxc7 d5 23. c5 dxe4 24. dxe4 Qc4 25. h4 Qxe4 26. hxg5 Qe3+ 27.
Kh2 Qf4+ 28. Kg1 Qe3+ 29. Kh2 Qf4+ 30. Kh1 Qf1+ 31. Kh2 Qf4+ 32. Kg1 1/2-1/2

[Event "13. Hogeschool Zeeland Tournament"]
[Site "Vlissingen NED"]
[Date "2009.08.07"]
[Round "8.4"]
[White "Ikonnikov, Vyacheslav"]
[Black "Leenhouts, Koen"]
[Result "1-0"]
[WhiteElo "2556"]
[BlackElo "2413"]
[PlyCount "69"]
[EventDate "2009.08.01"]
[EventType "swiss"]
[EventRounds "9"]
[EventCountry "NED"]
[Source "lmi"]
[SourceDate "2009.08.01"]

1. d4 Nf6 2. Nf3 g6 3. c4 Bg7 4. Nc3 O-O 5. e4 d6 6. Be2 Na6 7. Bg5 h6 8. Bh4
Qe8 9. Qd2 Nd7 10. O-O e5 11. Rfe1 g5 12. Bg3 g4 13. Nh4 exd4 14. Nb5 Ndc5 15.
f3 f5 16. exf5 Qe3+ 17. Qxe3 dxe3 18. fxg4 Bxb2 19. Rab1 Bf6 20. Ng6 Re8 21.
Bf4 Ne4 22. Bf3 Nc3 23. Nxc3 Bxc3 24. Re2 h5 25. Bxe3 hxg4 26. Bxg4 Bd7 27. Bg5
Bd4+ 28. Kf1 Rxe2 29. Bxe2 Nc5 30. Ne7+ Kf8 31. Bf3 Re8 32. Re1 b5 33. Bh5 bxc4
34. f6 Bb5 35. Bh6# 1-0

[Event "13. Hogeschool Zeeland Tournament"]
[Site "Vlissingen NED"]
[Date "2009.08.07"]
[Round "8.5"]
[White "Kohlweyer, Bernd"]
[Black "Nijboer, Friso"]
[Result "1-0"]
[WhiteElo "2418"]
[BlackElo "2552"]
[PlyCount "71"]
[EventDate "2009.08.01"]
[EventType "swiss"]
[EventRounds "9"]
[EventCountry "NED"]
[Source "lmi"]
[SourceDate "2009.08.01"]

1. d4 Nf6 2. c4 g6 3. Nc3 Bg7 4. e4 d6 5. Be2 O-O 6. Nf3 e5 7. Be3 c6 8. O-O
exd4 9. Nxd4 Re8 10. Bf3 Nbd7 11. Nb3 Ne5 12. c5 dxc5 13. Bxc5 Qxd1 14. Rfxd1
Nxf3+ 15. gxf3 Nh5 16. Be3 b6 17. Nd4 Bb7 18. Rd2 Rad8 19. Rad1 Rd7 20. Nde2
Rxd2 21. Rxd2 Nf6 22. a4 h6 23. a5 bxa5 24. Bxa7 Bf8 25. Be3 g5 26. Ng3 Bc8 27.
Kg2 Nd7 28. Nce2 Bb4 29. Rc2 Ne5 30. Bd4 Ng6 31. Nh5 Rd8 32. Rxc6 Be6 33. Nf6+
Kf8 34. Ng4 Nh4+ 35. Kg3 Bd6+ 36. Rxd6 1-0

[Event "13. Hogeschool Zeeland Tournament"]
[Site "Vlissingen NED"]
[Date "2009.08.07"]
[Round "8.6"]
[White "Spoelman, Wouter"]
[Black "Rajesh, V A V."]
[Result "1-0"]
[WhiteElo "2546"]
[BlackElo "2249"]
[PlyCount "93"]
[EventDate "2009.08.01"]
[EventType "swiss"]
[EventRounds "9"]
[EventCountry "NED"]
[Source "lmi"]
[SourceDate "2009.08.01"]

1. d4 Nf6 2. c4 g6 3. Nc3 Bg7 4. e4 d6 5. Nf3 O-O 6. Be2 e5 7. O-O Nc6 8. d5
Ne7 9. Nd2 a5 10. a3 Bd7 11. b3 Ne8 12. Rb1 c5 13. b4 axb4 14. axb4 b6 15. bxc5
bxc5 16. Nb3 f5 17. f3 h5 18. Nb5 f4 19. Bd2 g5 20. Ra1 Rxa1 21. Qxa1 Nc8 22.
Na5 g4 23. Qe1 Bh6 24. Nc6 Qg5 25. Nb8 gxf3 26. Bxf3 Bg4 27. Kh1 Nb6 28. Qe2
Kh7 29. Ba5 Nc8 30. Nc6 Rg8 31. Bd8 Qg7 32. Ra1 Qd7 33. Ra8 Rg7 34. Bh4 Qb7 35.
Rb8 Qa6 36. h3 Bd7 37. Bxh5 Qa1+ 38. Qd1 Qa2 39. Bg4 f3 40. Qxf3 Bf4 41. g3
Qb1+ 42. Kh2 Be3 43. Qxe3 Bxg4 44. Qf2 Bh5 45. Nxd6 Qd1 46. Nxe8 Bf3 47. Nf6+
1-0

[Event "13. Hogeschool Zeeland Tournament"]
[Site "Vlissingen NED"]
[Date "2009.08.07"]
[Round "8.7"]
[White "Vovk, Andrey"]
[Black "Bezemer, Arno"]
[Result "1-0"]
[WhiteElo "2506"]
[BlackElo "2332"]
[PlyCount "75"]
[EventDate "2009.08.01"]
[EventType "swiss"]
[EventRounds "9"]
[EventCountry "NED"]
[Source "lmi"]
[SourceDate "2009.08.01"]

1. e4 c5 2. Nf3 d6 3. d4 cxd4 4. Nxd4 Nf6 5. Nc3 g6 6. h3 Bg7 7. Be3 O-O 8. g4
Nc6 9. Bg2 Nd7 10. Nde2 Rb8 11. a4 a6 12. Qc1 b5 13. axb5 axb5 14. Ng3 b4 15.
Nce2 b3 16. c3 Nce5 17. O-O Nc4 18. Bh6 Bxh6 19. Qxh6 Nxb2 20. Nd4 Nc5 21. Nc6
Qc7 22. Nxb8 Qxb8 23. f4 Nba4 24. g5 b2 25. Rab1 Nxc3 26. f5 d5 27. f6 exf6 28.
gxf6 Ne6 29. exd5 Nxd5 30. Ne4 Ndf4 31. Rf2 Qe5 32. h4 Nh5 33. Rbxb2 Rd8 34.
Rbd2 Rxd2 35. Qxd2 Bb7 36. Qd7 Qd4 37. Qxb7 Nef4 38. Qb8+ 1-0

[Event "13. Hogeschool Zeeland Tournament"]
[Site "Vlissingen NED"]
[Date "2009.08.07"]
[Round "8.8"]
[White "Soumya, Swaminathan"]
[Black "Hoffmann, Michael"]
[Result "0-1"]
[WhiteElo "2268"]
[BlackElo "2598"]
[PlyCount "84"]
[EventDate "2009.08.01"]
[EventType "swiss"]
[EventRounds "9"]
[EventCountry "NED"]
[Source "lmi"]
[SourceDate "2009.08.01"]

1. e4 c5 2. Nf3 d6 3. d4 cxd4 4. Nxd4 Nf6 5. Nc3 a6 6. g3 Nc6 7. Bg2 Bd7 8. h3
e6 9. g4 h6 10. O-O g5 11. Be3 Ne5 12. b3 Be7 13. a4 Rc8 14. Nce2 h5 15. gxh5
Nxh5 16. f4 gxf4 17. Nxf4 Nxf4 18. Bxf4 Bg5 19. Qd2 Bxf4 20. Qxf4 Qh4 21. Rad1
Qxf4 22. Rxf4 Ke7 23. Rf2 Rcg8 24. Kf1 Rh4 25. Nf3 Nxf3 26. Rxf3 Bc6 27. Rf2
Bxe4 28. Bxe4 Rxe4 29. Rd3 b5 30. Rc3 f5 31. Rc7+ Kf6 32. a5 Rg3 33. Rc6 d5 34.
Rxa6 Rxh3 35. Rb6 b4 36. a6 Rh1+ 37. Kg2 Ra1 38. Kf3 f4 39. Rh2 Kg5 40. Rc6
Re3+ 41. Kf2 Rc3 42. Rxc3 bxc3 0-1

[Event "13. Hogeschool Zeeland Tournament"]
[Site "Vlissingen NED"]
[Date "2009.08.07"]
[Round "8.9"]
[White "Litwak, Aleksej"]
[Black "Ernst, Sipke"]
[Result "0-1"]
[WhiteElo "2268"]
[BlackElo "2598"]
[PlyCount "96"]
[EventDate "2009.08.01"]
[EventType "swiss"]
[EventRounds "9"]
[EventCountry "NED"]
[Source "lmi"]
[SourceDate "2009.08.01"]

1. e4 c5 2. Nf3 e6 3. d4 cxd4 4. Nxd4 Nc6 5. Nb5 d6 6. c4 Nf6 7. N1c3 a6 8. Na3
Be7 9. Be2 b6 10. Be3 Bb7 11. O-O O-O 12. Qb3 Nd7 13. Rad1 Nc5 14. Qc2 Bf6 15.
f3 Qe7 16. Qd2 Be5 17. Nc2 Qh4 18. g3 Qf6 19. Nd4 Rac8 20. f4 Bxd4 21. Bxd4 Qe7
22. Be3 Rfd8 23. Bf3 Qc7 24. b3 Qb8 25. Qf2 Ne7 26. Rd4 b5 27. Rfd1 b4 28. Ne2
a5 29. g4 a4 30. e5 Bxf3 31. Qxf3 d5 32. R4d2 Nd7 33. Ng3 Nf8 34. cxd5 Nxd5 35.
Ne4 axb3 36. axb3 Qa8 37. Bd4 Ng6 38. Nd6 Ndxf4 39. Qxa8 Rxa8 40. Ra1 Rxa1+ 41.
Bxa1 h6 42. Ra2 Nd3 43. Nc4 Nc1 44. Rd2 Ra8 45. Bb2 Nxb3 46. Rd7 Rc8 47. Nd6
Rc2 48. Rd8+ Kh7 0-1

[Event "13. Hogeschool Zeeland Tournament"]
[Site "Vlissingen NED"]
[Date "2009.08.07"]
[Round "8.10"]
[White "Van den Doel, Erik"]
[Black "Tiggelman, René"]
[Result "1-0"]
[WhiteElo "2590"]
[BlackElo "2250"]
[PlyCount "119"]
[EventDate "2009.08.01"]
[EventType "swiss"]
[EventRounds "9"]
[EventCountry "NED"]
[Source "lmi"]
[SourceDate "2009.08.01"]

1. e4 c5 2. Nf3 Nc6 3. d4 cxd4 4. Nxd4 Nf6 5. Nc3 d6 6. Bg5 e6 7. Bb5 Bd7 8.
Bxc6 Bxc6 9. Qd3 Be7 10. O-O-O Rc8 11. f3 a6 12. h4 h6 13. Bd2 h5 14. Bg5 Qc7
15. Kb1 b5 16. Nxc6 Qxc6 17. Ne2 Qc4 18. Qd2 b4 19. b3 Qc7 20. Rc1 O-O 21. c3
d5 22. cxb4 Qb8 23. Nd4 Qb7 24. e5 Bxb4 25. Qf4 Nd7 26. Nc6 Rxc6 27. Rxc6 Qxc6
28. Qxb4 Nxe5 29. Rc1 Qd7 30. Qb6 Rc8 31. Qxa6 Rxc1+ 32. Bxc1 d4 33. Qa8+ Kh7
34. Qa5 f6 35. f4 Nd3 36. Qxh5+ Kg8 37. Bd2 e5 38. fxe5 fxe5 39. Qf3 Nc5 40. b4
e4 41. Qe2 e3 42. bxc5 Qf5+ 43. Kb2 Qxc5 44. Be1 Qb6+ 45. Ka1 Qc5 46. Qd3 Qc1+
47. Qb1 Qc5 48. g4 Kh8 49. g5 g6 50. Qxg6 Qc1+ 51. Qb1 Qc4 52. Qb2 Qd3 53. h5
Qd1+ 54. Qb1 e2 55. h6 Kg8 56. g6 Kh8 57. Bd2 Kg8 58. Bc1 Qf1 59. Qb8+ Qf8 60.
h7+ 1-0

[Event "13. Hogeschool Zeeland Tournament"]
[Site "Vlissingen NED"]
[Date "2009.08.07"]
[Round "8.11"]
[White "Heltzel, Joost"]
[Black "Zaragatski, Ilja"]
[Result "1/2-1/2"]
[WhiteElo "2262"]
[BlackElo "2472"]
[PlyCount "64"]
[EventDate "2009.08.01"]
[EventType "swiss"]
[EventRounds "9"]
[EventCountry "NED"]
[Source "lmi"]
[SourceDate "2009.08.01"]

1. e4 Nf6 2. e5 Nd5 3. d4 d6 4. c4 Nb6 5. exd6 cxd6 6. Nc3 g6 7. Be3 Bg7 8. Rc1
O-O 9. b3 e5 10. dxe5 dxe5 11. Qxd8 Rxd8 12. c5 N6d7 13. Bc4 Nc6 14. Nf3 Na5
15. Be2 b6 16. Na4 bxc5 17. Nxc5 Nxc5 18. Rxc5 Bf8 19. Rxe5 Nc6 20. Re4 Bb4+
21. Kf1 a5 22. Bg5 Rd6 23. Re8+ Kg7 24. g4 a4 25. bxa4 Re6 26. Rxe6 Bxe6 27. h3
Bd5 28. Kg2 Rxa4 29. Rd1 Be4 30. Bd3 Bxf3+ 31. Kxf3 Ne5+ 32. Kg2 Nxd3 1/2-1/2

[Event "13. Hogeschool Zeeland Tournament"]
[Site "Vlissingen NED"]
[Date "2009.08.07"]
[Round "8.12"]
[White "Henrichs, Thomas"]
[Black "Sarrau, Jelle"]
[Result "1-0"]
[WhiteElo "2463"]
[BlackElo "2229"]
[PlyCount "93"]
[EventDate "2009.08.01"]
[EventType "swiss"]
[EventRounds "9"]
[EventCountry "NED"]
[Source "lmi"]
[SourceDate "2009.08.01"]

1. d4 Nf6 2. c4 c5 3. d5 e5 4. Nc3 d6 5. e4 Nbd7 6. Nf3 Be7 7. a3 O-O 8. Be2
Ne8 9. h4 h5 10. g3 Ndf6 11. Ng5 g6 12. Be3 a6 13. f3 Rb8 14. b4 Bd7 15. Kf1 b6
16. Kg2 Ng7 17. Rb1 Qc7 18. Qd2 Rb7 19. bxc5 bxc5 20. Rxb7 Qxb7 21. Rb1 Qc7 22.
Qb2 Bc8 23. Qb6 Bd8 24. Qxc7 Bxc7 25. Na4 Nd7 26. Nh3 Ba5 27. Nf2 f6 28. Nd3 f5
29. Bg5 Ne8 30. Nf2 Nef6 31. Bd3 Ne8 32. Bh6 Rf7 33. Nh3 Ndf6 34. Ng5 Ra7 35.
Rb8 Bd7 36. Nb6 Bxb6 37. Rxb6 fxe4 38. Bxe4 Bf5 39. Rb8 Re7 40. Bxf5 gxf5 41.
Ne6 e4 42. Bg5 Kf7 43. Rb6 exf3+ 44. Kxf3 Nd7 45. Rxa6 Ne5+ 46. Kf4 Nf6 47.
Kxf5 1-0

[Event "13. Hogeschool Zeeland Tournament"]
[Site "Vlissingen NED"]
[Date "2009.08.07"]
[Round "8.13"]
[White "Van Eijk, Sander"]
[Black "Bosch, Jeroen"]
[Result "1/2-1/2"]
[WhiteElo "2338"]
[BlackElo "2456"]
[PlyCount "96"]
[EventDate "2009.08.01"]
[EventType "swiss"]
[EventRounds "9"]
[EventCountry "NED"]
[Source "lmi"]
[SourceDate "2009.08.01"]

1. e4 Nf6 2. e5 Nd5 3. c4 Nb6 4. d4 d6 5. exd6 cxd6 6. Nc3 g6 7. Be3 Bg7 8. Rc1
O-O 9. b3 Bf5 10. Nf3 Bg4 11. Be2 e6 12. O-O d5 13. c5 Nc8 14. Qd2 Nc6 15. a3
Bxf3 16. Bxf3 N8e7 17. Ne2 h5 18. b4 Nf5 19. b5 Na5 20. Qd3 Nh4 21. Bd2 Nc4 22.
Bb4 Qf6 23. Be4 Rfd8 24. Rxc4 dxc4 25. Qxc4 Rab8 26. c6 Rbc8 27. a4 Nf5 28. Ba5
b6 29. Bc3 Nd6 30. Qd3 Nxe4 31. Qxe4 Qe7 32. Ra1 Qd6 33. h3 Qd5 34. Qc2 a6 35.
Rb1 axb5 36. axb5 Ra8 37. Nf4 Qd6 38. g3 h4 39. Qe4 hxg3 40. fxg3 Bxd4+ 41.
Bxd4 Qxd4+ 42. Qxd4 Rxd4 43. Kf2 Kf8 44. Ke3 e5 45. Rb3 Ke7 46. Nd3 Kd6 47. Nb4
Ra1 48. Nc2 Rad1 1/2-1/2

[Event "13. Hogeschool Zeeland Tournament"]
[Site "Vlissingen NED"]
[Date "2009.08.07"]
[Round "8.14"]
[White "Bosboom, Manuel"]
[Black "De Jong, Migchiel"]
[Result "0-1"]
[WhiteElo "2444"]
[BlackElo "2319"]
[PlyCount "54"]
[EventDate "2009.08.01"]
[EventType "swiss"]
[EventRounds "9"]
[EventCountry "NED"]
[Source "lmi"]
[SourceDate "2009.08.01"]

1. c4 g6 2. Nc3 Bg7 3. d4 Nf6 4. e4 d6 5. Be2 O-O 6. g4 c5 7. g5 Ne8 8. d5 e6
9. f4 exd5 10. cxd5 Qe7 11. Bf3 Bxc3+ 12. bxc3 f5 13. e5 dxe5 14. c4 Nd6 15.
Nh3 exf4+ 16. Kf2 Ne4+ 17. Kg2 Nd7 18. Bxf4 Ne5 19. Re1 Nxc4 20. Rc1 b5 21. Nf2
Qf7 22. h4 Bb7 23. Nd3 Qxd5 24. Qb3 a6 25. Red1 Qf7 26. a4 Bd5 27. Nxc5 Nxc5
0-1

[Event "13. Hogeschool Zeeland Tournament"]
[Site "Vlissingen NED"]
[Date "2009.08.07"]
[Round "8.15"]
[White "Lacrosse, Marc"]
[Black "Roeder, Matthias"]
[Result "1/2-1/2"]
[WhiteElo "2184"]
[BlackElo "2438"]
[PlyCount "52"]
[EventDate "2009.08.01"]
[EventType "swiss"]
[EventRounds "9"]
[EventCountry "NED"]
[Source "lmi"]
[SourceDate "2009.08.01"]

1. d4 Nf6 2. c4 e6 3. Nf3 b6 4. a3 Bb7 5. Nc3 d5 6. cxd5 Nxd5 7. Qc2 Nxc3 8.
bxc3 Nd7 9. e4 c5 10. Bd3 Qc7 11. Qb1 g6 12. O-O Bg7 13. Be3 O-O 14. a4 a6 15.
Ra2 Rfe8 16. Nd2 f5 17. f3 Bc6 18. Qb3 Kh8 19. Rb1 h6 20. Bf2 Qf4 21. Re1 Kh7
22. Be3 Qd6 23. Nc4 Qc7 24. Nd2 Qd6 25. Nc4 Qb8 26. Nd2 Qd6 1/2-1/2